Statistics for Fictional Characters by U.S. State

Click here to take the quiz!

General Stats

  • This quiz has been taken 8,307 times
    (4,120 since last reset)
  • The average score is 13 of 20

Answer Stats

CharacterState% Correct
Peter Parker | Rachel GreenNew York
93%
Dwight Schrute | Rocky BalboaPennsylvania
84%
Clark Kent | Dorothy GaleKansas
83%
Atticus Finch | Forrest GumpAlabama
83%
Tony Soprano | Kumar PatelNew Jersey
77%
Hank Hill | J. R. EwingTexas
76%
Ace Ventura | Dexter MorganFlorida
70%
Daisy Duke | Scarlett O'HaraGeorgia
70%
Niles Crane | Dr. Meredith GreyWashington
69%
Huckleberry Finn | Dagwood BumsteadMissouri
68%
RoboCop | Steve StiflerMichigan
67%
Sam Malone | Captain AhabMassachusetts
65%
Buffy Summers | Zack MorrisCalifornia
64%
Eric Cartman | Blake CarringtonColorado
64%
Steve Urkel | Elwood BluesIllinois
60%
Stewie Griffin | Lloyd ChristmasRhode Island
55%
Arthur Fonzarelli | BarbieWisconsin
46%
Sookie Stackhouse | Stanley KowalskiLouisiana
42%
Bullwinkle J. Moose | The Jolly Green GiantMinnesota
34%
Tom Joad | Mike DoonesburyOklahoma
33%

Score Distribution

Percentile by Number Answered

Percent of People with Each Score

Your Score History

You have not taken this quiz since the last reset